Normal view
MARC view
- الدمشقي، أبي الفداء عماد الدين إسماعيل بن كثير ؛ تحقيق وتقديم: أبو محمد أشرف بن عبد المقصود بن عبد الرحيم
Entry Personal Name
001 - CONTROL NUMBER
- control field: 15822
003 - CONTROL NUMBER IDENTIFIER
- control field: JO-AjAnu
005 - DATE AND TIME OF LATEST TRANSACTION
- control field: 20230606072826.0
008 - FIXED-LENGTH DATA ELEMENTS
- fixed length control field: 230606|| aca||aabn | a|a d
040 ## - CATALOGING SOURCE
- Original cataloging agency: JO-AjAnu
- Transcribing agency: JO-AjAnu
100 ## - HEADING--PERSONAL NAME
- Personal name: الدمشقي، أبي الفداء عماد الدين إسماعيل بن كثير ؛ تحقيق وتقديم: أبو محمد أشرف بن عبد المقصود بن عبد الرحيم
670 ## - SOURCE DATA FOUND
- Source citation: Work cat.: (JO-AjAnu)8125: الدمشقي، أبي الفداء عماد الدين إسماعيل بن كثير ؛ تحقيق وتقديم: أبو محمد أشرف بن عبد المقصود بن عبد الرحيم, author, المسيح الدجال منبع الكفر والضلال وينبوع الفتن والأوجال